Integrace marketingových a logistických kriterií při segmentaci B2B trhu
Segmentácia B2B trhu ako významný nástroj pre formuláciu spoločnej marketingovej a logistickej stratégie firmy. Návrh a charakteristika segmentov vytvorených podľa marketingových a logistických kritérií.
Gespeichert in:
| 1. Verfasser: | |
|---|---|
| Weitere Verfasser: | , |
| Format: | Buchkapitel |
| Sprache: | Tschechisch |
| Schlagworte: | |
| Tags: |
Keine Tags, Fügen Sie das erste Tag hinzu!
|
MARC
| LEADER | 00000nla$a2200000$$$4500 | ||
|---|---|---|---|
| 001 | 0146473 | ||
| 005 | 20231121095017.3 | ||
| 041 | 0 | |a cze | |
| 044 | |a CZ | ||
| 245 | 1 | 0 | |a Integrace marketingových a logistických kriterií při segmentaci B2B trhu |c Ivan Gros, Stanislava Grosová, Magda Cisařová |
| 520 | |a Segmentácia B2B trhu ako významný nástroj pre formuláciu spoločnej marketingovej a logistickej stratégie firmy. Návrh a charakteristika segmentov vytvorených podľa marketingových a logistických kritérií. | ||
| 610 | 2 | 0 | |a segmentácia trhu |
| 610 | 2 | 0 | |a stratégia logistická |
| 610 | 2 | 0 | |a stratégia marketingová |
| 610 | 2 | 0 | |a výskum marketingový |
| 610 | 2 | 0 | |a zákazníci |
| 100 | 1 | |a Gros, Ivan | |
| 700 | 1 | |a Grosová, Stanislava | |
| 700 | 1 | |a Cisařová, Magda | |